আগম শাহাদাৎনামা সির্নামা / (Record no. 77512)
[ view plain ]
| 000 -LEADER | |
|---|---|
| fixed length control field | 01044nam a22002417a 4500 |
| 001 - CONTROL NUMBER | |
| control field | 77512 |
| 003 - CONTROL NUMBER IDENTIFIER | |
| rucl marc code | BD-RjUL |
| 005 - DATE AND TIME OF LATEST TRANSACTION | |
| control field | 20211209082959.0 |
| 008 - FIXED-LENGTH DATA ELEMENTS--GENERAL INFORMATION | |
| fixed length control field | 201012s2019 bg ||||| |||| 00| 0 ben d |
| 020 ## - INTERNATIONAL STANDARD BOOK NUMBER | |
| International Standard Book Number | 9789843470423 |
| 035 ## - SYSTEM CONTROL NUMBER | |
| System control number | (BD-RjUL)77737 |
| 040 ## - CATALOGING SOURCE | |
| Original cataloging agency | BD-RjUL |
| Language of cataloging | eng |
| Transcribing agency | BD-RjUL |
| 041 ## - LANGUAGE CODE | |
| Language code of text/sound track or separate title | eng |
| 082 ## - DEWEY DECIMAL CLASSIFICATION NUMBER | |
| Edition number | 22 |
| Classification number | 091 |
| Author mark and year | AGA 2019 |
| 245 ## - TITLE STATEMENT | |
| Title | আগম শাহাদাৎনামা সির্নামা / |
| Statement of responsibility, etc. | সম্পাদনা সৈয়দা ফরিদা পারভীন ও সিরাজুল ইসলাম |
| 260 ## - PUBLICATION, DISTRIBUTION, ETC. (IMPRINT) | |
| Place of publication, distribution, etc. | ঢাকা : |
| Name of publisher, distributor, etc. | ঢাকা বিশ্ববিদ্যালয় গ্রন্থাগার, |
| Date of publication, distribution, etc. | ২০১৯ |
| 300 ## - PHYSICAL DESCRIPTION | |
| Pagination | ২৪০ পৃ . ; |
| Size | ২২ সেমি. |
| 650 ## - SUBJECT ADDED ENTRY--TOPICAL TERM | |
| Topical term or geographic name as entry element | Manuscripts |
| 9 (RLIN) | 241818 |
| Form subdivision | পাণ্ডুলিপি |
| 9 (RLIN) | 242239 |
| 700 ## - ADDED ENTRY--PERSONAL NAME | |
| Personal name | পারভীন, সৈয়দা ফরিদা |
| Relator term | সম্পাদনা |
| Personal name | ইসলাম, সিরাজুল |
| Relator term | সম্পাদনা |
| 942 ## - ADDED ENTRY ELEMENTS (KOHA) | |
| Source of classification or shelving scheme | Dewey Decimal Classification |
| Koha item type | Books |
| Lost status | Source of classification or shelving scheme | Damaged status | Not for loan | Permanent Location | Current Location | Shelving location | Date acquired | Source of acquisition | Cost, normal purchase price | Total Checkouts | Full call number | Date last seen | Copy number | Koha item type |
|---|---|---|---|---|---|---|---|---|---|---|---|---|---|---|
| Dewey Decimal Classification | Central Library, University of Rajshahi | Central Library, University of Rajshahi | Reading Room | 10/12/2019 | Author | 350.00 | B 091 AGA 2019 | 12/10/2020 | C-1 | Books |